| 000 | 01217cab a2200217 4500 | ||
|---|---|---|---|
| 001 | L130295 | ||
| 008 | 050713n2005 000 0 eng u | ||
| 035 | _a(Sirsi) u130295 | ||
| 041 | _aeng | ||
| 100 | _aBrewer, Geoff | ||
| 245 | 4 | _aThe impartial role of a project manager | |
| 260 | _c2005 | ||
| 490 |
_aContract Journal _v429(6531) 29 June 2005, 30(1) |
||
| 520 | _aDiscusses the case "Costain Ltd and others v Bechtel Ltd" ([2005] EWHC 1018 (TCC), unreported) concerning the duties of a project manager under the NEC contract. Costain, (C) operating as part of a consortium, Corber, had shown that they had serious issues to be tried over Bechtel's policy of administering the contract unfairly and adversely. However, when it came to the question of balance of convenience, C had failed to show that it was appropriate to grant an interim injunction. The case implies that a project manager needs to act impartially and in good faith. | ||
| 590 | _aIKA190705 | ||
| 650 | _aCostain Ltd and others v Bechtel Ltd | ||
| 650 | _aSUTCLIFFE V THACKRAH | ||
| 650 | _aAMERICAN CYANAMID CO V ETHICON LTD | ||
| 690 | _aBUILT ENVIRONMENT-BUILDING CONTRACT FORMS-STANDARD FORMS OF BUILDING CONTRACT | ||
| 942 | _n0 | ||
| 999 |
_c75532 _d75532 |
||